00455nam a2200157Ia 4500008004100000020001300041082001400054100002500068245004000093250000800133260004100141300002500182500001900207600002100226650005000247240925s9999 xx 000 0 und d a70634149 a004.6 FOR aForouzan, Behrouz A. 0aData Communications and Networking  a4th aNew Delhi:bTata McGraw Hillc,2007. a460p.bNAfPhotocopy aIncludes Index aComputer Science aComputer science, information & general works